20 Capital Cities Relatively Closest to country's Geographical Center - Statistics

General Stats
  • This quiz has been taken 47 times
  • The average score is 7 of 20
Answer Stats
D / R CAPITAL / COUNTRY % Correct
0.07 Madrid / Spain
78%
0.30 Warsaw / Poland
65%
0.16 Baghdad / Iraq
57%
0.26 Bogota / Colombia
57%
0.23 Minsk / Belarus
57%
0.27 Riyadh / Saudi Arabia
51%
0.19 Abuja / Nigeria
38%
0.21 Addis Ababa / Ethiopia
38%
0.16 Dodoma / Tanzania
32%
0.05 Dhaka / Bangladesh
30%
0.26 Chisinau / Moldova
27%
0.15 Kigali / Rwanda
24%
0.04 Ouagadougou / Burkina Faso
24%
0.20 Antananarivo / Madagascar
22%
0.18 Doha / Qatar
22%
0.13 San Jose / Costa Rica
22%
0.27 Yamoussoukro / Cote d'Ivoire
22%
0.29 Pristina / Kosovo
19%
0.12 Windhoek / Namibia
19%
0.14 Asmara / Eritrea
5%
No matching quizzes found
Score Distribution
Percent of People with Each Score
Percentile by Number Answered
Your Score History
You have not taken this quiz